ՀՀ Գիտությունների ազգային ակադեմիայի հիմնարար գիտական գրադարան  =   Fundamental Scientific Library of NAS RA

Микропроцессоры : (Record no. 40834)

MARC details
000 -LEADER
fixed length control field 01154nam a2200241 a 4500
001 - CONTROL NUMBER
control field 000123806
003 - CONTROL NUMBER IDENTIFIER
control field AM-YEHGA
005 - DATE AND TIME OF LATEST TRANSACTION
control field 20250617122612.0
008 - FIXED-LENGTH DATA ELEMENTS--GENERAL INFORMATION
fixed length control field 950720s1985 ru ||||gr|||||||||0|rus|d
040 ## - CATALOGING SOURCE
Original cataloging agency AM-YeHGA
041 0# - LANGUAGE CODE
Language code of text/sound track or separate title rus
090 ## - LOCALLY ASSIGNED LC-TYPE CALL NUMBER (OCLC); LOCAL CALL NUMBER (RLIN)
-- 41499
245 00 - TITLE STATEMENT
Title Микропроцессоры :
Remainder of title системы программирования и отладки /
Statement of responsibility, etc. [В.А. Мясников, М.Б. Игнатьев, А.А. Кочкин, Ю.Е. Шейнин] ; Под ред. В.А. Мясникова, М.Б. Игнатьева.
260 ## - PUBLICATION, DISTRIBUTION, ETC.
Place of publication, distribution, etc. Москва :
Name of publisher, distributor, etc. Энергоатомиздат,
Date of publication, distribution, etc. 1985.
300 ## - PHYSICAL DESCRIPTION
Extent 272 с. ;
Dimensions 20 см.
650 14 - SUBJECT ADDED ENTRY--TOPICAL TERM
Topical term or geographic name entry element Вычислительные системы на больших интегральных схемах
General subdivision Математическое обеспечение
650 14 - SUBJECT ADDED ENTRY--TOPICAL TERM
Topical term or geographic name entry element Микропроцессоры
700 1# - ADDED ENTRY--PERSONAL NAME
Personal name Мясников, Владимир Александрович
700 1# - ADDED ENTRY--PERSONAL NAME
Personal name Игнатьев, Михаил Борисович
700 1# - ADDED ENTRY--PERSONAL NAME
Personal name Кочкин, Андрей Агафенгелович
700 1# - ADDED ENTRY--PERSONAL NAME
Personal name Шейнин, Юрий Евгеньевич
942 ## - ADDED ENTRY ELEMENTS (KOHA)
Source of classification or shelving scheme Universal Decimal Classification
Koha item type Գրքեր / Books
Holdings
Withdrawn status Lost status Source of classification or shelving scheme Damaged status Not for loan Collection Home library Current library Date acquired Total checkouts Full call number Barcode Date last seen Price effective from Koha item type Public note
    Universal Decimal Classification     General Fundamental Scientific Library Fundamental Scientific Library 21/12/2016   PII/539436 FL0157650 21/12/2016 21/12/2016 Գրքեր / Books 30 Days Loan
    Universal Decimal Classification     General Fundamental Scientific Library Fundamental Scientific Library 21/12/2016   PII/555692 FL0130225 21/12/2016 21/12/2016 Գրքեր / Books 30 Days Loan


ՀՀ ԳԱԱ հիմնարար գիտական գրադարան
ՀՀ,Երևան 0019
Մարշալ Բաղրամյան 24/6
հեռախոս:(374-10) 52-47-50
Հետադարձ կապ

All site content, except where otherwise noted, is licensed under a
Creative Commons License